[Event "TCh-TUR Super League 2023"]
[Site "Ankara TUR"]
[Date "2023.07.16"]
[Round "7.3"]
[Board "5"]
[White "Vaishali, Rameshbabu"]
[Black "Abdulla, Khayala"]
[Result "1-0"]
[WhiteTitle "IM"]
[BlackTitle "WGM"]
[WhiteElo "2431"]
[BlackElo "2229"]
[WhiteTeam "TURK HAVA YOLLARI"]
[BlackTeam "KARAMAN FUTBOL KULUBU"]
[WhiteFideId "5091756"]
[BlackFideId "13401807"]
[EventDate "2023.07.10"]

1. Nf3 Nf6 2. g3 c5 3. Bg2 Nc6 4. c4 d5 5. cxd5 Nxd5 6. Nc3 Nc7 7. O-O e5 8. a3
Rb8 9. d3 f6 10. Be3 Be7 11. Rc1 Nd4 12. Ne4 Nce6 13. b4 cxb4 14. axb4 O-O 15.
Nc5 b6 16. Nxe6 Nxf3+ 17. Bxf3 Bxe6 18. b5 Bd5 19. Bxd5+ Qxd5 20. Qa4 Bc5 21.
Bxc5 bxc5 22. Rc3 Rfc8 23. Qc4 Qxc4 24. dxc4 Kf7 25. Ra1 Rb7 26. Rd3 Ke7 27. Rd5
Rcc7 28. f4 exf4 29. gxf4 Rb6 30. Kf2 Re6 31. Kf3 Kf7 32. f5 Re8 33. Rad1 Ree7
34. e4 g5 35. Rd8 Re5 36. R1d5 Rce7 37. Rxe5 Rxe5 38. Rh8 Kg7 39. Rc8 h5 40.
Rc7+ Kh6 41. Rf7 Re8 42. Rxf6+ Kh7 43. Rf7+ Kh6 44. Rxa7 h4 45. b6 g4+ 46. Kf4
Rg8 47. b7 g3 48. hxg3 h3 49. g4 Rb8 50. g5+ Kh5 51. Ra8 1-0

[Event "TCh-TUR Super League 2023"]
[Site "Ankara TUR"]
[Date "2023.07.16"]
[Round "7.3"]
[Board "6"]
[White "Ipek, Egehan"]
[Black "Gurel, Ediz"]
[Result "0-1"]
[WhiteTitle "FM"]
[BlackTitle "IM"]
[WhiteElo "2258"]
[BlackElo "2500"]
[WhiteTeam "KARAMAN FUTBOL KULUBU"]
[BlackTeam "TURK HAVA YOLLARI"]
[WhiteFideId "44523793"]
[BlackFideId "44507356"]
[EventDate "2023.07.10"]

1. d4 Nf6 2. Bg5 d5 3. Nd2 Nbd7 4. Ngf3 c5 5. e3 e6 6. c3 Be7 7. Bd3 O-O 8. O-O
b6 9. Ne5 Bb7 10. f4 Ne4 11. Nxe4 dxe4 12. Bb5 Nxe5 13. Bxe7 Nf3+ 14. Rxf3 Qxe7
15. Rf2 cxd4 16. cxd4 Rac8 17. a3 a6 18. Bf1 Qc7 19. Qa4 b5 20. Qb4 Bd5 21. a4
bxa4 22. Qxa4 Rb8 23. Rc2 Qe7 24. Ra3 h6 25. Rac3 Rb6 26. Qa5 Qb7 27. Rc7 Qb8
28. Qa1 Rb3 29. R7c3 Qb4 30. Rxb3 Bxb3 31. Rc5 Bd5 32. Qa3 Qe1 33. Qc3 Qb1 34.
Rc8 Rxc8 35. Qxc8+ Kh7 36. Qc3 a5 37. Kf2 a4 38. Bb5 Bb3 39. Be8 Kg8 40. h3 Qa1
41. Kg3 a3 42. Qc7 e5 43. bxa3 exd4 44. Qb8 Be6 45. Bc6+ Kh7 46. Bxe4+ g6 47.
exd4 Qe1+ 48. Kf3 Qc3+ 49. Kf2 Qxd4+ 50. Kf3 Qd1+ 51. Kf2 Qd2+ 52. Kg3 Qe1+ 53.
Kf3 Bc4 54. Qe5 Be2+ 55. Ke3 Bf1+ 56. Kd4 Qd2+ 57. Kc5 Qa5+ 58. Kc6 Qxa3 59. Bd5
Bxg2 60. Bxg2 Qa8+ 61. Kd6 Qxg2 62. Ke7 Qxh3 63. Kxf7 Qd7+ 64. Kf6 Qd8+ 65. Kf7
Qg8+ 66. Ke7 Qg7+ 67. Ke6 h5 68. Qg5 Qg8+ 69. Ke7 Qc8 70. Qh4 Qg4 71. Qf6 Qf5
72. Qh4 Kg7 73. Qh2 Qf6+ 74. Kd7 h4 75. Kc7 Qc3+ 76. Kd7 h3 77. Qf2 Qd3+ 78. Ke7
Qe4+ 79. Kd7 Qf5+ 80. Ke7 Qf6+ 81. Ke8 g5 82. Qa7+ Kg6 83. fxg5 Qh8+ 0-1

[Event "TCh-TUR Super League 2023"]
[Site "Ankara TUR"]
[Date "2023.07.16"]
[Round "7.4"]
[Board "1"]
[White "Sankalp, Gupta"]
[Black "Mamedov, Rauf"]
[Result "1/2-1/2"]
[WhiteTitle "GM"]
[BlackTitle "GM"]
[WhiteElo "2497"]
[BlackElo "2636"]
[WhiteTeam "ROTA KOLEJI"]
[BlackTeam "APAYDIN SATRANC VE"]
[WhiteFideId "5097010"]
[BlackFideId "13401653"]
[EventDate "2023.07.10"]

1. d4 Nf6 2. Nc3 d5 3. Bf4 g6 4. Nb5 Na6 5. e3 c6 6. Nc3 Nc7 7. h3 Bg7 8. Nf3
O-O 9. Bd3 Re8 10. O-O Nd7 11. e4 Ne6 12. Be3 c5 13. exd5 Nxd4 14. Bxd4 cxd4 15.
Nb5 Nb6 16. d6 exd6 17. Nbxd4 Bd7 18. c3 d5 19. a4 Nc4 20. Qb3 Qc7 21. Rfd1 a6
22. a5 Rad8 23. Bxc4 dxc4 24. Qa2 Qc5 25. Re1 h5 26. Rxe8+ Rxe8 27. Rd1 Bf6 28.
Nd2 Bxd4 29. cxd4 Qxd4 30. Qxc4 Qxb2 31. Nf3 Bc6 32. Ng5 Qf6 33. h4 Kg7 34. f3
Re7 35. Qb4 Qe5 36. Kh1 Re8 37. Qc4 Qf6 38. Kg1 Re7 39. Qb4 Re2 40. Rd2 Re1+ 41.
Kf2 Re7 42. Re2 Rc7 43. Rc2 Rc8 44. Rc4 Rc7 45. Rc2 Kg8 46. Rd2 Bb5 47. Rd6 Rc2+
48. Kg1 Rc1+ 49. Kf2 Rf1+ 50. Ke3 Re1+ 51. Kf2 Rf1+ 52. Ke3 Re1+ 53. Kf2 Rf1+ 1/2-1/2

[Event "TCh-TUR Super League 2023"]
[Site "Ankara TUR"]
[Date "2023.07.16"]
[Round "7.4"]
[Board "2"]
[White "Safarli, Eltaj"]
[Black "Mammadov, Zaur"]
[Result "1-0"]
[WhiteTitle "GM"]
[BlackTitle "GM"]
[WhiteElo "2607"]
[BlackElo "2398"]
[WhiteTeam "APAYDIN SATRANC VE"]
[BlackTeam "ROTA KOLEJI"]
[WhiteFideId "13402129"]
[BlackFideId "13401033"]
[EventDate "2023.07.10"]

1. e4 c6 2. Nf3 d5 3. d3 g6 4. e5 Bg7 5. d4 Nh6 6. Be2 f6 7. exf6 exf6 8. O-O
O-O 9. c4 dxc4 10. Bxc4+ Kh8 11. Nc3 Nd7 12. Bb3 Nb6 13. h3 g5 14. Re1 Bf5 15.
d5 c5 16. Be3 c4 17. Bxb6 Qxb6 18. Bxc4 Qxb2 19. Nb5 Qb4 20. Bd3 Rad8 21. Nc7
Rf7 22. Bxf5 Rxc7 23. Be6 Qf8 24. Qa4 f5 25. Rad1 g4 26. hxg4 fxg4 27. Bxg4 Nxg4
28. Qxg4 Bc3 29. Re6 Rg7 30. Qe4 Qb4 31. Re8+ Rxe8 32. Qxe8+ Rg8 33. Qe6 Qa4 34.
Rc1 Qa3 35. Rc2 Qb4 36. Qe3 Bf6 37. Rc1 Qg4 38. g3 Qd7 39. Rd1 Qa4 40. Rd2 Re8
41. Qh6 Bg7 42. Qh5 Qb5 43. Kg2 h6 44. Nd4 Qa4 45. Ne6 Rg8 46. Re2 Qd7 47. Nxg7
Qxg7 48. Re6 Kh7 49. d6 1-0

[Event "TCh-TUR Super League 2023"]
[Site "Ankara TUR"]
[Date "2023.07.16"]
[Round "7.4"]
[Board "3"]
[White "Yavuz, Efe Metehan"]
[Black "Akbas, Umut Ata"]
[Result "0-1"]
[WhiteTitle "FM"]
[BlackTitle "IM"]
[WhiteElo "2346"]
[BlackElo "2401"]
[WhiteTeam "ROTA KOLEJI"]
[BlackTeam "APAYDIN SATRANC VE"]
[WhiteFideId "34514570"]
[BlackFideId "44572646"]
[EventDate "2023.07.10"]

1. e4 c5 2. c3 Nf6 3. e5 Nd5 4. d4 cxd4 5. Nf3 Nc6 6. cxd4 d6 7. Bc4 dxe5 8.
dxe5 Be6 9. Qb3 Qd7 10. Bd2 g6 11. Nc3 Na5 12. Bb5 Nxb3 13. Bxd7+ Kxd7 14. axb3
Bg7 15. Rd1 Rhc8 16. Be3 Kc6 17. Nd4+ Kd7 18. Nf3 Kc6 19. Nd4+ Kd7 20. Ndb5 a6
21. Nxd5 Bxd5 22. Na7 Ke6 23. Nxc8 Rxc8 24. O-O Bxb3 25. Rd2 Bxe5 26. Re1 Kf5
27. Rd7 Rc7 28. Rd3 Bc4 29. Rd2 Be6 30. h3 Rc4 31. Kh1 h5 32. g3 Bf6 33. Kg2 g5
34. Rd8 Rb4 35. Red1 Rxb2 36. Rg8 g4 37. hxg4+ hxg4 38. Rgd8 Rb5 39. f3 Rb2+ 40.
Bf2 gxf3+ 41. Kxf3 Rb3+ 42. Kg2 Rc3 43. Rb8 Bb3 44. Rd2 Ba4 0-1

[Event "TCh-TUR Super League 2023"]
[Site "Ankara TUR"]
[Date "2023.07.16"]
[Round "7.4"]
[Board "4"]
[White "Agdelen, Huseyin Can"]
[Black "Karaoglan, Doruk"]
[Result "1-0"]
[WhiteTitle "FM"]
[BlackTitle "CM"]
[WhiteElo "2404"]
[BlackElo "2247"]
[WhiteTeam "APAYDIN SATRANC VE"]
[BlackTeam "ROTA KOLEJI"]
[WhiteFideId "6352260"]
[BlackFideId "6390927"]
[EventDate "2023.07.10"]

1. d4 Nf6 2. c4 g6 3. Nc3 Bg7 4. e4 d6 5. Be2 O-O 6. Be3 e5 7. d5 a5 8. g4 Na6
9. h4 Nc5 10. f3 h5 11. g5 Nfd7 12. Nh3 a4 13. Qd2 c6 14. O-O-O Qa5 15. Nf2 Nb6
16. Nb1 Qxd2+ 17. Rxd2 cxd5 18. cxd5 Bd7 19. Na3 f5 20. gxf6 Bxf6 21. Kb1 Nc8
22. Nd1 b6 23. Nc3 Be7 24. Nc2 Na7 25. Nb4 Rac8 26. Rdd1 Kh7 27. Rdf1 Rf7 28.
Nc2 Rcf8 29. Na3 Nc8 30. Kc2 Na7 31. b4 axb3+ 32. axb3 Nc8 33. Kb2 Bd8 34. Nc4
Bc7 35. Nd2 Bd8 36. Ra1 Bf6 37. Ra8 Nb7 38. Ba6 Nc5 39. Be2 b5 40. Nxb5 Bxb5 41.
Bxb5 Nb6 42. Rxf8 Rxf8 43. b4 Rb8 44. bxc5 Nc8 45. Kc2 Rxb5 46. c6 Kg7 47. Ra1
Rb8 48. Bf2 Kf7 49. Nc4 Ke7 50. Ra4 Kd8 51. Be1 Ke7 52. Bb4 Bxh4 53. Nxd6 Nxd6
54. Ra7+ Kf6 55. Bxd6 Re8 56. Bc5 1-0

[Event "TCh-TUR Super League 2023"]
[Site "Ankara TUR"]
[Date "2023.07.16"]
[Round "7.4"]
[Board "5"]
[White "Mammadova, Narmin"]
[Black "Buksa, Nataliya"]
[Result "1/2-1/2"]
[WhiteTitle "WIM"]
[BlackTitle "IM"]
[WhiteElo "2241"]
[BlackElo "2365"]
[WhiteTeam "ROTA KOLEJI"]
[BlackTeam "APAYDIN SATRANC VE"]
[WhiteFideId "13403710"]
[BlackFideId "14123622"]
[EventDate "2023.07.10"]

1. e4 e5 2. Nf3 Nc6 3. Bc4 Nf6 4. d3 Be7 5. O-O O-O 6. c3 d6 7. h3 Na5 8. Bb5 a6
9. Ba4 b5 10. Bc2 c5 11. Re1 Nc6 12. Nbd2 h6 13. a4 Be6 14. Nf1 Re8 15. Ng3 Bf8
16. d4 cxd4 17. cxd4 Bd7 18. b3 Rc8 19. axb5 Nb4 20. Bb1 Bxb5 21. Qd2 Nc6 22. d5
Nb8 23. Bd3 Qb6 24. Ba3 Nfd7 25. Rec1 g6 26. Nf1 Bxd3 27. Qxd3 Nc5 28. Bxc5 Rxc5
29. Rxc5 Qxc5 30. Ne3 Rc8 31. Nc4 Qb5 32. Nfd2 Nd7 33. h4 h5 34. Qh3 Rb8 35. Rc1
Nf6 36. Rc3 Ng4 37. Ne3 Bh6 38. Ndf1 Qe2 39. Rc2 Qd3 40. Nxg4 Qxc2 41. Nxh6+ Kg7
42. Nxf7 Rf8 43. Ng5 Qxf2+ 44. Kh2 Qxf1 45. Qd7+ Rf7 46. Nxf7 Qxf7 47. Qxd6 Qf4+
48. Kg1 Qc1+ 49. Kh2 Qf4+ 50. Kg1 Qc1+ 1/2-1/2

[Event "TCh-TUR Super League 2023"]
[Site "Ankara TUR"]
[Date "2023.07.16"]
[Round "7.4"]
[Board "6"]
[White "Durak, Can"]
[Black "Tarhan, Adar"]
[Result "0-1"]
[WhiteTitle "FM"]
[BlackTitle "FM"]
[WhiteElo "2310"]
[BlackElo "2347"]
[WhiteTeam "APAYDIN SATRANC VE"]
[BlackTeam "ROTA KOLEJI"]
[WhiteFideId "44552971"]
[BlackFideId "34544712"]
[EventDate "2023.07.10"]

1. d4 Nf6 2. c4 e6 3. Nf3 c5 4. d5 exd5 5. cxd5 d6 6. Nc3 g6 7. e4 a6 8. a4 Bg4
9. Be2 Bxf3 10. Bxf3 Nbd7 11. O-O Bg7 12. Bf4 Qe7 13. Re1 Ne5 14. Be2 O-O 15. a5
Rfb8 16. Ra4 Ne8 17. Qd2 b5 18. axb6 Rxb6 19. Rea1 Nc7 20. Nd1 Qe8 21. R1a2 Nb5
22. b4 Nd4 23. bxc5 Nb3 24. cxb6 Nxd2 25. Bxd2 Rb8 26. Rxa6 Qd8 27. Bb5 Bf8 28.
Be3 Ng4 29. Bd4 Bg7 30. Bxg7 Kxg7 31. Be2 Nf6 32. f3 Rxb6 33. Rxb6 Qxb6+ 34. Kf1
h5 35. Ra6 Qd4 36. Rxd6 Qe5 37. Rc6 Qxh2 38. Nf2 Qe5 39. Rc1 h4 40. Nh3 Nh5 41.
Rc2 Ng3+ 42. Ke1 Qa1+ 43. Kf2 g5 44. Bc4 Qd1 0-1

[Event "TCh-TUR Super League 2023"]
[Site "Ankara TUR"]
[Date "2023.07.16"]
[Round "7.5"]
[Board "1"]
[White "Ivic, Velimir"]
[Black "Demchenko, Anton"]
[Result "0-1"]
[WhiteTitle "GM"]
[BlackTitle "GM"]
[WhiteElo "2590"]
[BlackElo "2623"]
[WhiteTeam "BURHANIYE"]
[BlackTeam "HUKUKCU FENERBAHCELILER SPOR VE KULTUR K"]
[WhiteFideId "950122"]
[BlackFideId "4160258"]
[EventDate "2023.07.10"]

1. e4 e5 2. Nf3 Nc6 3. Bb5 a6 4. Ba4 Nf6 5. O-O Be7 6. Re1 b5 7. Bb3 d6 8. c3
O-O 9. h3 Nb8 10. d4 Nbd7 11. Nbd2 Bb7 12. Bc2 Re8 13. Nf1 Bf8 14. Ng3 a5 15.
Bd2 a4 16. Bd3 c6 17. Qc2 Qb6 18. Be3 Qa5 19. Bf1 Qc7 20. Rad1 h6 21. b4 axb3
22. axb3 Ra3 23. Bc1 Ra1 24. Nf5 Rea8 25. Nh2 c5 26. d5 c4 27. bxc4 Nc5 28. cxb5
R8a2 29. Bb2 Rxd1 30. Rxd1 Ncxe4 31. Ne3 h5 32. c4 g6 33. Bd3 Nc5 34. Ra1 Rxb2
35. Qxb2 Nxd3 36. Qa3 Nc5 37. Nf3 Nfd7 38. Ne1 f5 39. Nf3 Qd8 40. Rd1 Qf6 41.
Nc2 Be7 42. Nb4 Bd8 43. h4 Bb6 44. Ng5 e4 0-1

[Event "TCh-TUR Super League 2023"]
[Site "Ankara TUR"]
[Date "2023.07.16"]
[Round "7.5"]
[Board "2"]
[White "Annaberdiyev, Meylis"]
[Black "Skoberne, Jure"]
[Result "0-1"]
[WhiteTitle "GM"]
[BlackTitle "GM"]
[WhiteElo "2496"]
[BlackElo "2536"]
[WhiteTeam "HUKUKCU FENERBAHCELILER SPOR VE KULTUR K"]
[BlackTeam "BURHANIYE"]
[WhiteFideId "14000563"]
[BlackFideId "14604299"]
[EventDate "2023.07.10"]

1. e4 c5 2. c3 Nf6 3. e5 Nd5 4. Nf3 Nc6 5. d4 cxd4 6. cxd4 d6 7. Bc4 e6 8. O-O
Be7 9. Qe2 O-O 10. Nc3 dxe5 11. dxe5 Nxc3 12. bxc3 Qa5 13. Rb1 Rd8 14. Qe4 Qxc3
15. Rb3 Qa5 16. Bg5 h6 17. Be3 Qa4 18. Rbb1 Nd4 19. Bd3 Ne2+ 20. Kh1 Qxe4 21.
Bxe4 Nc3 22. Bxb7 Rb8 23. Rbc1 Bxb7 24. Rxc3 a5 25. Rc7 Bb4 26. Nd4 Rdc8 27.
Rfc1 Rxc7 28. Rxc7 Bd5 29. a4 Bf8 30. h3 Rb4 31. Rc8 Rxa4 32. Nc6 Bxc6 33. Bc5
Rc4 34. Rxf8+ Kh7 35. Bb6 a4 36. Rxf7 a3 37. Ra7 Ba4 0-1

[Event "TCh-TUR Super League 2023"]
[Site "Ankara TUR"]
[Date "2023.07.16"]
[Round "7.5"]
[Board "3"]
[White "Bicer, Atakan Mert"]
[Black "Ozer, Omer Faruk"]
[Result "1-0"]
[WhiteTitle "FM"]
[BlackTitle "IM"]
[WhiteElo "2311"]
[BlackElo "2333"]
[WhiteTeam "BURHANIYE"]
[BlackTeam "HUKUKCU FENERBAHCELILER SPOR VE KULTUR K"]
[WhiteFideId "34560645"]
[BlackFideId "6354564"]
[EventDate "2023.07.10"]

1. c4 e5 2. g3 Nf6 3. Bg2 c6 4. Nf3 e4 5. Nd4 Qb6 6. e3 d5 7. Qc2 Na6 8. a3 Bc5
9. Ne2 dxc4 10. Nbc3 Be7 11. Nxe4 Nxe4 12. Bxe4 Nc5 13. O-O Qa6 14. Bg2 O-O 15.
Rb1 Rd8 16. Nf4 Qb5 17. Bf3 Qb3 18. Bd1 g5 19. Ne2 Bh3 20. Qxb3 Nxb3 21. Bxb3
cxb3 22. Re1 Rd3 23. f3 Bf5 24. Ra1 a5 25. g4 Bg6 26. Ng3 a4 27. Nh1 Rad8 28.
Re2 R8d5 29. Nf2 Rc5 30. e4 Rxf3 31. Kg2 Rxf2+ 32. Kxf2 Bf6 33. d3 Be5 34. Be3
Rc2 35. Rxc2 bxc2 36. Rc1 Bxb2 37. Rxc2 Bxa3 38. Ra2 Bd6 39. Rxa4 Bxh2 40. Ra8+
Kg7 41. Bd4+ f6 42. Ra7 Bf7 43. Rxb7 Kg6 44. Bc5 Be6 45. Kf3 Bf4 46. Bf8 Bf7 47.
d4 Bd2 48. Ke2 Bf4 49. d5 cxd5 50. exd5 f5 51. Rb6+ 1-0

[Event "TCh-TUR Super League 2023"]
[Site "Ankara TUR"]
[Date "2023.07.16"]
[Round "7.5"]
[Board "4"]
[White "Dogan, Nazmi Can"]
[Black "Gallevci, Yagiz"]
[Result "1/2-1/2"]
[WhiteTitle "FM"]
[BlackTitle "CM"]
[WhiteElo "2285"]
[BlackElo "2204"]
[WhiteTeam "HUKUKCU FENERBAHCELILER SPOR VE KULTUR K"]
[BlackTeam "BURHANIYE"]
[WhiteFideId "6309658"]
[BlackFideId "6379931"]
[EventDate "2023.07.10"]

1. d4 d5 2. c4 c6 3. Nf3 Nf6 4. Qc2 e6 5. g3 Nbd7 6. Bg2 Bd6 7. O-O O-O 8. Nbd2
e5 9. cxd5 cxd5 10. dxe5 Nxe5 11. Nxe5 Bxe5 12. Nf3 Bd6 13. Rd1 b6 14. Bg5 Bb7
15. Nh4 Rc8 16. Qf5 Be7 17. Qd3 h6 18. Be3 Re8 19. Bh3 Rc7 20. Nf5 Bc5 21. Bg2
Ng4 22. Bxc5 bxc5 23. h3 Nf6 24. Rac1 Re6 25. e3 Qc8 26. b3 Qf8 27. Qb1 Rb6 28.
Qa1 Bc8 29. Qe5 Rd7 30. Qc3 Rc7 1/2-1/2

[Event "TCh-TUR Super League 2023"]
[Site "Ankara TUR"]
[Date "2023.07.16"]
[Round "7.5"]
[Board "5"]
[White "Yakubbaeva, Nilufar"]
[Black "Caglar, Sila"]
[Result "1/2-1/2"]
[WhiteTitle "WGM"]
[BlackTitle "WIM"]
[WhiteElo "2311"]
[BlackElo "2235"]
[WhiteTeam "BURHANIYE"]
[BlackTeam "HUKUKCU FENERBAHCELILER SPOR VE KULTUR K"]
[WhiteFideId "14204487"]
[BlackFideId "6364063"]
[EventDate "2023.07.10"]

1. d4 d5 2. c4 e6 3. Nc3 Nf6 4. cxd5 exd5 5. Bg5 Be7 6. e3 c6 7. Bd3 Na6 8. Nf3
O-O 9. Ne5 Nc7 10. O-O Ne6 11. Bh4 c5 12. f4 cxd4 13. exd4 Qb6 14. Kh1 Qxd4 15.
Qf3 g6 16. Rad1 Qc5 17. Bxf6 Bxf6 18. Nxd5 Bg7 19. b4 Qd6 20. Bxg6 fxg6 21. Nf6+
Bxf6 22. Rxd6 Bxe5 23. Rxe6 Bxe6 24. Qe2 Rae8 25. fxe5 Rxf1+ 26. Qxf1 Bxa2 27.
Qa1 Bf7 28. h4 a6 29. Kh2 Be6 30. Qd4 Bf7 31. Kg3 Re6 32. Kf4 Kg7 33. g4 b5 34.
Qd7 h6 35. h5 Kf8 36. Qc8+ Kg7 37. Ke4 Rb6 38. Qc3 Re6 39. hxg6 Kxg6 40. Qc8 Kg7
41. Kf5 Rg6 42. Qd7 Rg5+ 43. Kf4 Rg6 44. Qa7 Kg8 45. Kf5 Kg7 46. Qc7 Rg5+ 47.
Kf4 Rg6 48. Qc8 Kh7 49. Qd7 Kg7 1/2-1/2

[Event "TCh-TUR Super League 2023"]
[Site "Ankara TUR"]
[Date "2023.07.16"]
[Round "7.5"]
[Board "6"]
[White "Ahmadzada, Ahmad"]
[Black "Celik, Hasan Huseyin"]
[Result "1/2-1/2"]
[WhiteTitle "IM"]
[BlackTitle "FM"]
[WhiteElo "2503"]
[BlackElo "2405"]
[WhiteTeam "HUKUKCU FENERBAHCELILER SPOR VE KULTUR K"]
[BlackTeam "BURHANIYE"]
[WhiteFideId "13413007"]
[BlackFideId "44506759"]
[EventDate "2023.07.10"]

1. c4 Nf6 2. g3 e5 3. Bg2 c6 4. d4 e4 5. a3 d5 6. cxd5 cxd5 7. Nc3 h6 8. f3 exf3
9. Nxf3 Nc6 10. O-O Be6 11. Nh4 Be7 12. Nf5 O-O 13. Qd3 Rc8 14. b4 Re8 15. Nxe7+
Qxe7 16. Bf4 Rcd8 17. Rae1 a6 18. Na4 Bg4 19. Nc3 Be6 20. h3 Ne4 21. g4 Qd7 22.
Na4 Qe7 23. Nc3 Qd7 24. Na4 Qe7 25. Nc3 1/2-1/2

[Event "TCh-TUR Super League 2023"]
[Site "Ankara TUR"]
[Date "2023.07.16"]
[Round "7.6"]
[Board "2"]
[White "Korobov, Anton"]
[Black "Indjic, Aleksandar"]
[Result "1/2-1/2"]
[WhiteTitle "GM"]
[BlackTitle "GM"]
[WhiteElo "2667"]
[BlackElo "2619"]
[WhiteTeam "BAYEGAN PENDIK"]
[BlackTeam "DENIZ SU SATRANC GENCLIK VE"]
[WhiteFideId "14105730"]
[BlackFideId "911925"]
[EventDate "2023.07.10"]

1. d4 Nf6 2. Nf3 e6 3. Bg5 h6 4. Bh4 d5 5. e3 Be7 6. c4 O-O 7. Nc3 b6 8. Be2 Bb7
9. Bxf6 Bxf6 10. cxd5 exd5 11. b4 Qd6 12. Qb3 a6 13. O-O Nd7 14. Rac1 Rfb8 15.
Rfd1 b5 16. a4 Bc6 17. axb5 axb5 18. e4 dxe4 19. d5 exf3 20. dxc6 Qe5 21. Bxf3
Nb6 22. Re1 Qf5 23. Be4 Qh5 24. Bf3 Qf5 25. Be4 Qh5 26. Bd3 Bxc3 27. Qxc3 Re8
28. g3 Rad8 29. Rxe8+ Rxe8 30. Qc5 Qxc5 31. Rxc5 Rd8 32. Bxb5 1/2-1/2

[Event "TCh-TUR Super League 2023"]
[Site "Ankara TUR"]
[Date "2023.07.16"]
[Round "7.6"]
[Board "3"]
[White "Citak, Selim"]
[Black "Ali Marandi, Cemil Can"]
[Result "1/2-1/2"]
[WhiteTitle "FM"]
[BlackTitle "GM"]
[WhiteElo "2327"]
[BlackElo "2568"]
[WhiteTeam "DENIZ SU SATRANC GENCLIK VE"]
[BlackTeam "BAYEGAN PENDIK"]
[WhiteFideId "6301819"]
[BlackFideId "6300529"]
[EventDate "2023.07.10"]

1. d4 Nf6 2. c4 g6 3. Nc3 Bg7 4. e4 d6 5. Nf3 O-O 6. Be2 b6 7. O-O e5 8. dxe5
dxe5 9. Qxd8 Rxd8 10. Bg5 Nbd7 11. Nd5 c6 12. Ne7+ Kf8 13. Nxc8 Raxc8 14. Rfd1
Nc5 15. Rxd8+ Rxd8 16. Nxe5 Rd6 17. Bf4 Nfxe4 18. Nf3 Rd8 19. Rb1 Na4 20. Bc1
Kg8 21. Kf1 Bf8 22. Ne5 c5 23. Bd3 Nec3 24. bxc3 Bg7 25. Bc2 Nxc3 26. Rb3 Nxa2
27. Bf4 Nb4 28. Bb1 Rd4 29. Bg3 h5 30. h4 Bxe5 31. Bxe5 Rxc4 32. g3 Rc1+ 33. Ke2
a5 34. Kd2 Rf1 35. Ke2 Rc1 36. Kd2 Rf1 37. Ke2 Rg1 38. Be4 f5 39. Rb1 Rxb1 40.
Bxb1 Kf8 41. f3 Ke7 42. g4 Nc6 1/2-1/2

[Event "TCh-TUR Super League 2023"]
[Site "Ankara TUR"]
[Date "2023.07.16"]
[Round "7.6"]
[Board "4"]
[White "Solak, Dragan"]
[Black "Yurtseven, Melih"]
[Result "1-0"]
[WhiteTitle "GM"]
[BlackTitle "IM"]
[WhiteElo "2586"]
[BlackElo "2329"]
[WhiteTeam "BAYEGAN PENDIK"]
[BlackTeam "DENIZ SU SATRANC GENCLIK VE"]
[WhiteFideId "916811"]
[BlackFideId "6312160"]
[EventDate "2023.07.10"]

1. e4 c5 2. Nc3 g6 3. Bc4 Bg7 4. d3 Nc6 5. a3 e6 6. Ba2 d6 7. Nge2 Nge7 8. Rb1
b6 9. b4 Qd7 10. Bf4 h6 11. Qd2 Bb7 12. O-O Nd4 13. bxc5 dxc5 14. Bc4 Bc6 15.
Nxd4 cxd4 16. Ne2 Kf8 17. Qb4 Kg8 18. Bb3 Kh7 19. a4 Rhd8 20. a5 b5 21. f3 a6
22. Qe1 Bb7 23. Bd2 Nc6 24. h4 Qe7 25. g3 Rac8 26. Kg2 Bf8 27. g4 Ba8 28. Kh3
Rd7 29. Ng3 Qd8 30. f4 Be7 31. g5 hxg5 32. hxg5 Kg7 33. Kg4 Qc7 34. Rh1 Rdd8 35.
Rh6 Rh8 36. Qh1 f6 37. Nh5+ gxh5+ 38. Qxh5 Rcg8 39. Bxe6 Nd8 40. Qg6+ Kf8 41.
Rxh8 Rxh8 42. Rh1 f5+ 1-0

[Event "TCh-TUR Super League 2023"]
[Site "Ankara TUR"]
[Date "2023.07.16"]
[Round "7.6"]
[Board "5"]
[White "Salimova, Nurgyul"]
[Black "Atalik, Ekaterina"]
[Result "1/2-1/2"]
[WhiteTitle "IM"]
[BlackTitle "IM"]
[WhiteElo "2409"]
[BlackElo "2407"]
[WhiteTeam "DENIZ SU SATRANC GENCLIK VE"]
[BlackTeam "BAYEGAN PENDIK"]
[WhiteFideId "2915138"]
[BlackFideId "4130189"]
[EventDate "2023.07.10"]

1. d4 d5 2. Nf3 Nf6 3. c3 e6 4. Bg5 h6 5. Bh4 g5 6. Bg3 Ne4 7. Nfd2 Nxg3 8. hxg3
Bg7 9. e4 dxe4 10. Nxe4 b6 11. Qf3 O-O 12. Nf6+ Qxf6 13. Qxa8 Bd7 14. Qf3 Qe7
15. Qe3 c5 16. dxc5 bxc5 17. Nd2 Bc6 18. O-O-O Nd7 19. Ne4 Rb8 20. f4 Ne5 21.
fxe5 Qb7 22. Nf6+ Bxf6 23. Rd2 Bg7 24. Bc4 Bxg2 25. Rhd1 Bf8 26. b3 Bc6 27. Rf1
Bg2 28. Rfd1 Bc6 29. Rf2 Bg7 30. Rdf1 Be8 31. Rd2 Qc7 32. Re1 a5 33. a4 Bf8 34.
Kc2 Bc6 35. Qd3 Qb7 36. Kc1 Bg7 37. Rf2 Bd5 38. Bb5 Qc7 39. c4 Bb7 40. Qe3 Rd8
41. Rd2 Rxd2 42. Kxd2 g4 43. Kc2 Bf3 44. Qf4 Qd8 45. Qe3 Bf8 46. Qd3 Qg5 47. Qc3
Bg7 48. Qe3 Qh5 49. b4 axb4 50. a5 Qh2+ 51. Kb1 b3 52. Qxb3 Qd2 53. Qe3 Qxa5 54.
Rf1 Qc7 55. Re1 Qa7 56. Qd3 Bf8 57. Kb2 Be7 58. Ra1 Qc7 59. Re1 Bg5 60. Qc3 Qd8
61. Kc2 Kg7 62. Qd3 Qxd3+ 63. Kxd3 h5 64. Rg1 Kg6 65. Ba4 Kf5 66. Be8 h4 67.
gxh4 Bxh4 68. Ke3 f6 69. exf6 Bxf6 70. Rf1 Bd4+ 71. Kd3 Kf4 72. Bc6 e5 73. Rxf3+
gxf3 74. Bd5 Kg3 75. Bc6 f2 76. Ke2 Kf4 77. Bd5 e4 78. Bc6 e3 79. Bd5 Bc3 80.
Bc6 Bd2 81. Bd5 Ke5 82. Bf7 Kd4 83. Be6 f1=Q+ 84. Kxf1 Kd3 85. Bf5+ Kxc4 86. Ke2
Kb4 87. Bg6 c4 88. Bf5 c3 89. Bg6 Kb3 90. Kd1 Kb2 91. Bf5 c2+ 1/2-1/2

[Event "TCh-TUR Super League 2023"]
[Site "Ankara TUR"]
[Date "2023.07.16"]
[Round "7.6"]
[Board "6"]
[White "Murzin, Volodar"]
[Black "Erten, Kerem"]
[Result "1-0"]
[WhiteTitle "GM"]
[BlackTitle "CM"]
[WhiteElo "2623"]
[BlackElo "2287"]
[WhiteTeam "BAYEGAN PENDIK"]
[BlackTeam "DENIZ SU SATRANC GENCLIK VE"]
[WhiteFideId "44155573"]
[BlackFideId "34588221"]
[EventDate "2023.07.10"]

1. Nf3 Nf6 2. c4 c6 3. g3 g6 4. b3 Bg7 5. Bb2 O-O 6. Bg2 d5 7. O-O a5 8. d3 a4
9. Nbd2 Bf5 10. b4 dxc4 11. Nxc4 Na6 12. a3 Be6 13. Na5 c5 14. Nxb7 Qb6 15. Nxc5
Nxc5 16. Bd4 Nfd7 17. bxc5 Nxc5 18. Rb1 Qd6 19. Rb4 Nb3 20. Bxg7 Kxg7 21. Nd2
Ra6 22. Ne4 Qc7 23. Qb1 f6 24. Qb2 Bd7 25. d4 Rd8 26. Rd1 Rc6 27. Rxa4 Rc1 28.
Qxb3 Bxa4 29. Qxa4 Ra8 30. Qb3 Rxa3 31. Qxa3 Rxd1+ 32. Bf1 Rxd4 33. Nc5 Qd6 34.
Qc3 Rd1 35. Nd3 Qe6 36. Qc2 Ra1 37. Nf4 Qd6 38. e4 Qa6 39. Nd3 Qe6 40. Nc5 Qh3
41. Qc4 Qh5 42. Kg2 Qe5 43. Ne6+ Kh6 44. Be2 Rb1 45. Qd3 Rb2 46. Qe3+ g5 47. Bg4
Rc2 48. h4 Rc3 49. hxg5+ fxg5 50. Qe1 Kg6 51. Bf5+ Kf6 52. Qh1 Rxg3+ 53. fxg3
Qb2+ 54. Kh3 g4+ 55. Bxg4 1-0